"Switzerland" In All Featured Languages - Statistics

General Stats
  • This quiz has been taken 35 times
  • The average score is 5 of 9
Answer Stats
Language Name % Correct
English Switzerland
100%
German Schweiz
93%
French Suisse
93%
Italian Svizzera
72%
Spanish Suiza
52%
Portuguese Suíça
34%
Dutch Zwitserland
21%
Polish Szwajcaria
14%
Finnish Sveitsi
7%
No matching quizzes found
Score Distribution
Percent of People with Each Score
Percentile by Number Answered
Your Score History
You have not taken this quiz